000 01141cam a2200301 a 4500
003 OSt
005 20210309145609.0
008 040523m19982003ck fr 001 0 spa d
020 _a9583503010
_qV.2
020 _a9583502618
_qV.3
020 _a9583502219
_qV.4
020 _a9583501654
_qV.5
020 _a958350422X
_qV.6
040 _aCO-BoPUJ
_cCO-JMCR
041 0 _aspa
082 0 4 _a345.7861 /
_bA997m
_223
100 1 _aAzula Camacho, Jaime
_eautor
_910505
245 1 0 _aManual de derecho procesal /
_cJaime Azula Camacho
260 _aBogotá :
_bTemis,
_c2003.
300 _a6 volúmenes ;
_c24 cm.
500 _aIncluye índice de materias y notas a pie de página.
504 _aIncluye referencias bibliográficas.
505 2 _gV.2.
_tParte general
_gV.3.
_tProcesos de conocimiento
_gV.4.
_tProcesos ejecutivos
_gV.5
_tProceso de liquidación, de jurisdicción voluntaria, concursales y arbitral
_gV.6.
_tPruebas judiciales
650 2 4 _aProcedimiento civil
_zColombia
_99133
_xAspectos jurídicos
650 2 4 _aDerecho procesal
_zColombia
_910506
_xManuales
650 2 4 _aProcedimiento Civil
_99109
_xManuales
942 _2ddc
_cBK
999 _c6860
_d6860